01606nam a2200277Ia 4500952011100000952009900111952009900210999001700309008004100326020001700367050002400384100003100408240003300439245012800472250001700600260004200617300003900659500004100698500008500739505031500824519008401139650003301223700003301256700003201289942000701321 00104070a11b11d2009-02-26l1oHF5615 B5318 2002p11 007720r2013-05-20s2013-05-20t1w2012-06-26yLB 00104070a11b11d2010-07-20l0oHF5615 B5318 2002p11 008845r2012-06-26t2w2012-06-26yLB 00104070a11b11d2010-07-20l0oHF5615 B5318 2002p11 008846r2012-06-26t3w2012-06-26yLB c72138d72138120626s2002 mx a 000 0 spa d a109706861874 aHF5615 bB5318 2002 aBlackwell, Roger D.eautor aConsumer behaviorlespañol aComportamiento del consumidorc/ Roger D., Blackwell: Paul W., Miniard: James F., Engel; traducción de Gabriel, Sánchez a9a edición aMéxico b: Cengage Learningc, 2002 axx, 571 páginasb: ilustraciones aTítulo original: Consumer behavior aIncluye: Contenido, Glosario, Créditos, Indice onomástico, Indice temática aParte I. Introducción al comportamiento del consumidor Parte II. Toma de decisión del consumidor Parte III. Determinantes individuales del comportamiento del consumidor Parte IV. Influencia del entorno en el comportamiento del consumidor Parte V. Cómo influir en el comportamiento del consumidor  aMaterial Complementario/ bDiseño y comunicación visual / d(11 008845)  0aCONSUMIDOR x COMPORTAMIENTO1 aMiniard, Paul W. e , autor 1 aEngel, James F. e , autor  cLB